Culture Générale - Série 452 - Statistiques

Statistiques générales
  • Ce quiz a été pris 197 fois
  • Le résultat moyen est 5 sur 10
Statistiques - réponses
Question Réponse % Correct
Quel fleuve arrose la capitale autrichienne ? Danube
85%
Quelle ville autrichienne accueille chaque année depuis 1939 un traditionnel concert du Nouvel An ? Vienne
80%
Selon la tradition, quelle viennoiserie est créée dans la capitale autrichienne en mémoire du siège des Turcs ? croissant
77%
A Vienne, quelle dynastie règne sur l'Autriche jusqu'en 1918 ? Les Habsbourg
57%
Quel homme politique français est assassiné par Raoul Villain le 31 juillet 1914 ? Jean Jaurès
42%
Quelle maladie est combattue par la fondation Raoul‐Follereau ? lèpre
33%
Quelle est la nationalité de l'accordéoniste Raul Barboza ? Argentine
32%
Quel réalisateur américain né à Vienne et prénommé Otto a réalisé "La Rivière sans retour" et "Laura" ? Otto Preminger
31%
Quel est le nom du double boulevard périphérique de Vienne ? Le Ring
15%
A quel Raoul doit‐on les films "La Charge fantastique" en 1941 et "La Fille du désert" en 1949 ? Raoul Walsh
10%
Aucun quiz correspondant
Distribution des résultats
% des personnes avec chaque résultat
Percentile par nombre de réponses
Votre historique - résultats
Vous n’avez pas pris ce quiz